000 00313nam a2200121Ia 4500
008 220216s9999 xx 000 0 und d
100 _aBiswas S K
245 0 _aRubber reclaiming- Processing, control, growth
260 _bRubber Chem Review
_c1994
300 _a23-26
650 _aReclaimed rubber
942 _cJS
999 _c67943
_d67943